| 000 | 00667nam a2200217 u 4500 | ||
|---|---|---|---|
| 005 | 20240803063812.0 | ||
| 008 | 130617s2003 r 000 0 eng d | ||
| 020 | _a8478446869 | ||
| 035 | _aUPN01000191592 | ||
| 049 | _aCG | ||
| 050 | 4 |
_aPQ6613 U4 _bC3.2 |
|
| 100 | 1 |
_aGuelbenzu, José María, _d1944- _930582 |
|
| 245 | 1 | 3 |
_aLa cabeza del durmiente / _cJosé María Guelbenzu ; il. de Mónica Carretero. |
| 260 |
_aMadrid : _bSiruela, _c2003. |
||
| 300 |
_a285 p. : _bil. |
||
| 440 | 4 |
_aLas tres edades. _pde 14 en adelante ; _v101 |
|
| 650 | 4 |
_aNovela española _910814 |
|
| 650 | 0 |
_aHermanos y hermanas _vNovela _921290 |
|
| 905 | _aLibro | ||
| 999 |
_c163695 _d163695 |
||